| 000 | 00769pam a2200253 a 4500 | ||
|---|---|---|---|
| 999 |
_c1798 _d1798 |
||
| 001 | 9394674 | ||
| 003 | OSt | ||
| 005 | 20180920191637.0 | ||
| 008 | 830315s1983 ilu b 000 0 eng | ||
| 010 | _a83005420 | ||
| 020 | _a0802401864 (pbk.) | ||
| 040 |
_aDLC _cDLC _dCDC |
||
| 082 |
_a248.3 _bM1161U |
||
| 092 |
_a264 _bM116U |
||
| 100 | 1 |
_aMacArthur, John, _d1939- |
|
| 245 | 1 | 4 |
_aThe ultimate priority : _bJohn Macarthur, Jr. on worship |
| 260 |
_aChicago : _bMoody Press, _cc1983 |
||
| 300 |
_aviii, 158 p. ; _c21 cm |
||
| 500 | _aPublished in 2012 with the title : Worship: the ultimate priority | ||
| 504 | _aIncludes bibliographical references | ||
| 650 | 0 | _aWorship | |
| 700 | 1 |
_aMacArthur, John, _d1939-. _tWorship: the ultimate priority |
|
| 942 |
_2ddc _cBK |
||